MyGZULibrary

Awu bakithi / (Record no. 5212)

MARC details
000 -LEADER
fixed length control field 00677nam a2200217 a 4500
001 - CONTROL NUMBER
control field 1931749
003 - CONTROL NUMBER IDENTIFIER
control field GZU
005 - DATE AND TIME OF LATEST TRANSACTION
control field 20210330101618.0
008 - FIXED-LENGTH DATA ELEMENTS--GENERAL INFORMATION
fixed length control field 860121s1984 rh 000 1 nde
010 ## - LIBRARY OF CONGRESS CONTROL NUMBER
LC control number 85981099
020 ## - INTERNATIONAL STANDARD BOOK NUMBER
International Standard Book Number 0869223259 :
Terms of availability $1.90
040 ## - CATALOGING SOURCE
Original cataloging agency DLC
Transcribing agency DLC
Modifying agency DLC
050 00 - LIBRARY OF CONGRESS CALL NUMBER
Classification number PL8547.N289
Item number T8 1984
100 1# - MAIN ENTRY--PERSONAL NAME
Personal name Tshuma, Macrey Steward,
Dates associated with a name 1950-
245 10 - TITLE STATEMENT
Title Awu bakithi /
Statement of responsibility, etc. ilotshwe nguMacrey Steward Tshuma.
260 ## - PUBLICATION, DISTRIBUTION, ETC.
Place of publication, distribution, etc. Gweru, Zimbabwe :
Name of publisher, distributor, etc. Mambo Press in association with the Literature Bureau,
Date of publication, distribution, etc. 1984.
300 ## - PHYSICAL DESCRIPTION
Extent 115 p. ;
Dimensions 18 cm.
500 ## - GENERAL NOTE
General note In Ndebele.
906 ## - LOCAL DATA ELEMENT F, LDF (RLIN)
a 7
b cbc
c orignew
d 2
e ncip
f 19
g y-gencatlg
942 ## - ADDED ENTRY ELEMENTS (KOHA)
Source of classification or shelving scheme Library of Congress Classification
Koha item type Books
Classification part 8547
Item part TSH
Call number prefix PL
Call number suffix 1984
Holdings
Withdrawn status Lost status Damaged status Not for loan Collection code Home library Current library Shelving location Date acquired Total Checkouts Full call number Barcode Date last seen Copy number Price effective from Koha item type
        Fiction City Campus Library City Campus Library General Stacks 03/30/2021   PL8547 TSH 1984 008635 03/30/2021 c.1 03/30/2021 Books
        Fiction City Campus Library City Campus Library General Stacks 03/30/2021   PL8547 TSH 1984 008638 03/30/2021 c.2 03/30/2021 Books
        Fiction City Campus Library City Campus Library General Stacks 04/15/2021   PL8547 TSH 1984 025923 04/15/2021 c.3 04/15/2021 Books
        Fiction City Campus Library City Campus Library General Stacks 04/15/2021   PL8547 TSH 1984 008636 04/15/2021 c.4 04/15/2021 Books